000 02109cam a22003371 4500
001 hew63000030
003 DLC
005 20260227111512.0
008 800131s1963 dcua 000 0 eng
010 _ahew63000030
035 _a(OCoLC)5932286
040 _aDLC
_cArU
_dOCoLC
_dDLC
042 _apremarc
050 0 0 _aL111
_b.A6 1962, no. 19
051 _aLA206
_b.A7
100 1 _aAnderson, Charnel.
245 1 0 _aTechnology in American education 1650-1900,
_cby Charnel Anderson for the Technological Development Project of the National Education Association of the United States. Principal investigator: James D. Finn; associate investigator: Lee E. Campion.
260 _a[Washington]
_bU.S. Dept. of Health, Education, and Welfare, Office of Education,
_c[1963]
300 _avi, 53 p.
_billus.
_c24 cm.
490 0 _aUnited States. Office of Education. Bulletin 1962,
_vno. 19. New media for instruction, 1
500 _a"OE-34018."
500 _aFirst published by National Education Association as Occasional paper no. 1, History of instructional technology, I: technology in American education: 1650-1900, July 1961.
500 _a"Prepared under a contract with the United States Office of Education, as authorized under Title VII, part B, of the National defense education act of 1958."
501 _aCopy 1 of L111.A6 with: Financial assistance for college students / Richard C. Mattingly. Washington : U.S. Dept. of Health, Education, and Welfare, Office of Education, 1962. Bound together subsequent to publication.
_5DLC
501 _aCopies 2 and 3 of L111.A6 with: Language laboratory facilities / Alfres S. Hayes -- Survey of educational media research in the Far East / Kokusai Kirisutokyo Daigaku (Japan). Washington : Govt Print. Off., 1963. Bound together subsequent to publication.
_5DLC
650 0 _aTeaching
_xAids and devices.
650 0 _aEducation
_zUnited States
_xHistory.
700 1 _aFinn, James D.
700 1 _aCampion, Lee E.
710 2 _aNational Education Association of the United States.
_bTechnological Development Project.
_bOccasional paper, no. 1.
999 _c34404
_d34404